000 00661nam a2200193 a 4500
001 000029988
005 20240307073948.0
008 110428s1978 dr 000 0 spa d
040 _aDO-SdBNP
_bspa
_cBNPHU
082 _axxx
_bS232i
100 1 _aSantana Rivera, Félix
_930806
245 1 0 _aIncidencia de la mujer en la economía dominicana :
_bcaso particular de la mujer secretaria /
_cFélix Santana Rivera.
260 _aSanto Domingo :
_bUASD,
_c1978.
300 _a15 p. ;
_c22 cm.
490 1 _aUASD Critica
_vno. 24
_vv. 251
710 1 _aUniversidad Autónoma de Santo Domingo
_972951
830 0 _aUASD Critica
_nno. 24
_vv. 251
_956716
049 _aBNPD
999 _c29480
_d29480